Catálogo
 En Linea

Mujeres latinoamericanas en cifras. Tomo comparativo / (Registro nro. 19793)

Detalles MARC
000 -CABECERA
campo de control de longitud fija 00597nam a2200169 u 4500
001 - NÚMERO DE CONTROL
campo de control 000020289
005 - FECHA Y HORA DE LA ÚLTIMA TRANSACCIÓN
campo de control 20200929170341.0
008 - DATOS DE LONGITUD FIJA--INFORMACIÓN GENERAL
campo de control de longitud fija 100813s1995 cl b 000 0 spa d
020 ## - NÚMERO INTERNACIONAL ESTÁNDAR DEL LIBRO
Número Internacional Estándar del Libro 9562050815
040 ## - FUENTE DE LA CATALOGACIÓN
Centro catalogador/agencia de origen DO-SdBNP
Lengua de catalogación spa
Centro/agencia transcriptor BNPHU
082 ## - NÚMERO DE LA CLASIFICACIÓN DECIMAL DEWEY
Número de clasificación xxxxxxxx
Número de documento/Ítem xxxxxxxx
245 00 - MENCIÓN DE TÍTULO
Título Mujeres latinoamericanas en cifras. Tomo comparativo /
Mención de responsabilidad, etc. coordinadores Teresa Valdés E., Enrique Comáriz M.
260 ## - PUBLICACIÓN, DISTRIBUCIÓN, ETC.
Lugar de publicación, distribución, etc. Santiago de Chile, :
Nombre del editor, distribuidor, etc. Instituto de la mujer,
Fecha de publicación, distribución, etc. 1995.
300 ## - DESCRIPCIÓN FÍSICA
Extensión 199 p. :
Otras características físicas maps. ;
Dimensiones 30 cm.
700 1# - PUNTO DE ACCESO ADICIONAL--NOMBRE DE PERSONA
Nombre de persona Valdés E., Teresa,
Término indicativo de función/relación coord.
9 (RLIN) 42925
700 1# - PUNTO DE ACCESO ADICIONAL--NOMBRE DE PERSONA
Nombre de persona Comáriz M., Enrique,
Término indicativo de función/relación coord.
9 (RLIN) 42926
Existencias
Estado de retiro Estado de pérdida Restricciones de uso No para préstamo Código de colección Localización permanente Ubicación/localización actual Ubicación en estantería Fecha de adquisición Número de inventario Total de préstamos Signatura topográfica completa Código de barras Fecha visto por última vez Precio válido a partir de Tipo de ítem Koha
        Monografías: Libros y Folletos General General Orden iniciada 05.05.2017 LF1   xxxxxxxx xxxxxxxx 20289-10 25.06.2020 25.06.2020 No se presta

Con tecnología Koha